| 000 -CABECERA |
| Longitud fija campo de control |
00440nam a2200145 a 4500 |
| 001 - NÚMERO DE CONTROL |
| Número de control |
509 |
| 003 - IDENTIFICADOR DEL NÚMERO DE CONTROL |
| Identificador del número de control |
CDMR |
| 005 - FECHA Y HORA DE LA ÚLTIMA TRANSACCIÓN |
| Fecha y hora de la última transacción |
20130305174907.0 |
| 008 - CÓDIGOS DE INFORMACIÓN DE LONGITUD FIJA |
| Códigos de información de longitud fija |
130130s ||||||||||||||||||||||||||||d |
| 040 ## - FUENTE DE LA CATALOGACIÓN |
| Centro catalogador de origen |
CDMR |
| Lengua de catalogación |
cat |
| Centro transcriptor |
CDMR |
| 111 2# - PUNTO DE ACCESO PRINCIPAL-NOMBRE DE CONGRESO |
| Nombre de congreso o jurisdicción como elemento de entrada |
Conference of the International Association for Mass Communication Research |
| Sede del congreso |
Barcelona |
| Fecha del congreso |
1988 |
| Número del congreso o número de parte o sección de la obra |
16º |
| 9 (RLIN) |
367 |
| 245 10 - MENCIÓN DE TÍTULO |
| Título |
Comunicació social i identitat cultural |
| Resto del título |
: Full programme |
| 300 ## - DESCRIPCIÓN FÍSICA |
| Extensión |
50 p. |
| 942 ## - ENTRADA DE ELEMENTOS AGREGADOS (KOHA) |
| Koha [por defecto] tipo de item |
Monografies |
| Fuente de clasificaión o esquema |
|